Szczegóły MARC21

Historia filozofii. T. 3, Filozofia XIX wieku i współczesna /

003 -Nazwa inst., której nr kontr. jest w polu 001 [,]
    • @
    • Nazwa instytucji, której n kontrolny jest w polu 001
    • NUKAT
005 -DATA I CZAS OSTATNIEJ MODYFIKACJI [,]
    • @
    • pole kontrolne
    • 20241231103226.0
020 -Międzynarod. znormalizowany nr książki - ISBN [ , ]
    • a
    • Numer ISBN
    • 8301025816 Find
040 -Instytucja sporządzająca opis [ , ]
    • a
    • Instytucja, która sporządziła opis (NP)
    • GD 88/JR
    • c
    • Instytucja, która sporządziła rekord (NP)
    • GD 88/JR
    • d
    • Instytucja, która zmodyfikowała rekord (P)
    • GD 88/JR
    • d
    • Instytucja, która zmodyfikowała rekord (P)
    • Ł U/RRs
    • d
    • Instytucja, która zmodyfikowała rekord (P)
    • KR u/56AA /d GD 27/MFs
    • d
    • Instytucja, która zmodyfikowała rekord (P)
    • WR O/IS
942 -Rodzaj dokumentu [ , ]
    • c
    • Rodzaj dokumentu
    • Książka
100 -Hasło główne - nazwa osobowa [1, ]
    • a
    • Nazwa osobowa (NP)
    • Tatarkiewicz, Władysław
    • d
    • Daty biograficzne (NP)
    • (1886-1980).
    • 9
    • KHW
    • 7627
240 -Tytuł ujednolicony [1,0]
    • a
    • Tytuł ujednolicony
    • Historia filozofii
    • l
    • Język tekstu
    • (pol.)
    • 9
    • KHW
    • 466887
245 -Strefa tytułu i oznaczenia odpowiedzialności [1,0]
    • a
    • Tytuł
    • Historia filozofii. Find
    • n
    • Oznaczenie części (P)
    • T. 3,
    • p
    • Nazwa części (P)
    • Filozofia XIX wieku i współczesna /
    • c
    • Pozostałe elementy strefy tytułu i oznaczenia odpowiedzialności (NP)
    • Władysław Tatarkiewicz.
246 -Wariant tytułu [3,0]
    • a
    • Tytuł (NP)
    • Filozofia XIX wieku i współczesna
250 -Strefa wydania [ , ]
    • a
    • Oznaczenie wydania (NP)
    • Wyd. 10.
260 -Strefa adresu wydawniczego [ , ]
    • a
    • Miejsce wydania (P)
    • Warszawa :
    • b
    • Nazwa wydawcy (P)
    • Państwowe Wydaw. Naukowe,
    • c
    • Data wydania (P)
    • 1983.
300 -Strefa opisu fizycznego [ , ]
    • a
    • Określenie formy książki i/lub objętość (NP)
    • 544, [3] s., [44] s. portr. ;
    • c
    • Format (NP)
    • 25 cm.
336 -Typ zawartości [ , ]
    • a
    • Termin opisujący typ zawartości
    • Tekst
    • b
    • Kod określający zawartość
    • txt
    • 2
    • Źródło (terminu i kodu)
    • rdacontent
337 -Typ mediów [ , ]
    • a
    • Tryb odtwarzania
    • Bez urządzenia pośredniczącego
    • b
    • Kod typu mediów
    • n
    • 2
    • Źródło (terminu i kodu)
    • rdamedia
338 -Typ/rodzaj nośnika [ , ]
    • a
    • Hasło opisujące typ nośnika
    • Wolumin
    • b
    • Kod typu nośnika
    • nc
    • 2
    • Źródło (terminu i kodu)
    • rdacarrier
504 -Uwaga dot. bibliogr. załącznikowej [ , ]
    • a
    • Uwaga dot. bibliografii załącznikowej
    • Bibliogr. s. 380-436.
080 -Uniwersalna Klasyfikacja Dziesiętna [ , ]
    • a
    • Symbol klasyfikacji
    • 1(091)
    • 9
    • UKD
    • 2362
    • 2
    • Identyfikator wydania tablic
    • UDC-P058
    • b
    • Dopowiedzenie
    • Historia filozofii.
650 -Hasło przedmiotowe [ ,7]
    • a
    • Hasło przedmiotowe
    • Filozofia
    • y
    • Określnik chronologiczny
    • 19 w.
    • 2
    • Źródło terminu
    • kaba
    • 9
    • KHW
    • 108707
650 -Hasło przedmiotowe [ ,7]
    • a
    • Hasło przedmiotowe
    • Filozofia
    • y
    • Określnik chronologiczny
    • 1900-1945.
    • 2
    • Źródło terminu
    • kaba
    • 9
    • KHW
    • 108708
980 -Symbol UKD [ , ]
    • a
    • UKD
    • 1(091)
710 -Hasło dodatkowe - nazwa ciała zbiorowego [2, ]
    • a
    • Nazwa ciała zbiorowego lub nazwa geograficzna jako pierwszy element (NP)
    • Państwowe Wydawnictwo Naukowe (1951-1992).
    • 4
    • Kod relacji
    • pbl
    • 9
    • KHW
    • 52048
920 -ISBN [ , ]
    • a
    • ISBN
    • 83-01-02581-6 Find
Numer inwentarzowy Data inwentaryzacji Status udost. Lokalizacja Sygnatura
Pd.4091997-02-282 BWTeologii
S.821541998-05-152BE 
W.1169711997-02-28-5BGW.115462
W.1154671997-02-28-5BGW.115462
W.1154641997-02-282BGW.115462
W.1154701997-02-282BGW.115462
W.1823311997-02-28-5BG 
W.1154731997-02-282BGW.115462
W.1154761997-02-28-5BGW.115462
W.1154791997-02-28-5BGW.115462
W.1154821997-02-282BGW.115462
W.1154851997-02-282BGW.115462
W.1154881997-02-282BGW.115462
W.1154911997-02-282BGW.115462
W.1154941997-02-282BGW.115462
WF.1726 2BM 
H.130942004-10-011BNS 
F.159581997-02-28-3BNS 
F.159551997-02-28-3BNS 
SA.19851997-02-281BSASA.1985